Najmniejsze Powiaty w Polsce - Statystyki

Ogólne statystyki
  • Ten quiz został rozwiązany 19 razy
    15 od ostatniego zresetowania
  • Średni wynik to 15 z 21
Statystyki odpowiedzi
Województwo Powierzchnia Powiat % Poprawnych
Śląskie 158 km2 Bieruńsko-Lędziński
100%
Śląskie 368,02 km2 Będziński
91%
Świętokrzyskie 422,18 km2 Kazimierski
91%
Dolnośląskie 395,71 km2 Kamiennogórski
82%
Mazowieckie 246,31 km2 Pruszkowski
82%
Śląskie 223,64 km2 Rybnicki
82%
Świętokrzyskie 395,43 km2 Skarżyski
82%
Lubelskie 468,97 km2 Świdnicki
82%
Mazowieckie 452,22 km2 Szydłowiecki
82%
Łódzkie 358,56 km2 Brzeziński
73%
Dolnośląskie 443,26 km2 Głogowski
73%
Dolnośląskie 428,34 km2 Lubański
73%
Małopolskie 471,62 km2 Tatrzański
64%
Opolskie 442,35 km2 Krapkowicki
64%
Podkarpackie 452 km2 Łańcucki
64%
Mazowieckie 389,86 km2 Legionowski
64%
Małopolskie 411 km2 Wielicki
64%
Łodzkie 369,24 km2 Zduńskowolski
64%
Śląskie 458,64km2 Bielski
55%
Mazowieckie 367 km2 Grodziski
55%
Dolnośląskie 430,22 km2 Wałbrzyski
45%
Nie znaleziono quizów pasujących do podanych kryteriów
Rozkład punktacji
Procent ludzi z każdym wynikiem
Percentyl według liczby udzielonych odpowiedzi
Twoja historia wyników
Nie rozwiązałeś tego quizu od ostatniego zresetowania